Opening of the blood-brain barrier for drug delivery to the brain the effects of tesmilifene and short-chain alkylglycerols on brain endothelial cells /

Elmentve itt :
Bibliográfiai részletek
Szerző: Walter Fruzsina
Dokumentumtípus: Cikk
Megjelent: 2013
Sorozat:Acta biologica Szegediensis 57 No. 1
Kulcsszavak:Orvostudomány, Biológia
Online Access:http://acta.bibl.u-szeged.hu/31302
LEADER 00729nab a2200181 i 4500
001 acta31302
005 20210412155228.0
008 161017s2013 hu o 0|| eng d
022 |a 1588-385X 
040 |a SZTE Egyetemi Kiadványok Repozitórium  |b hun 
041 |a eng 
100 1 |a Walter Fruzsina 
245 1 0 |a Opening of the blood-brain barrier for drug delivery to the brain   |h [elektronikus dokumentum] :  |b the effects of tesmilifene and short-chain alkylglycerols on brain endothelial cells /  |c  Walter Fruzsina 
260 |c 2013 
300 |a 93 
490 0 |a Acta biologica Szegediensis  |v 57 No. 1 
695 |a Orvostudomány, Biológia 
856 4 0 |u http://acta.bibl.u-szeged.hu/31302/1/biologica_057_numb_001_093.pdf  |z Dokumentum-elérés